White paper on science museums /

Bibliographic Details
Main Author: Learner, Howard
Corporate Author: Center for Science in the Public Interest
Format: Book
Language:English
Published: Washington, D.C. : Center for Science in the Public Interest, 1979.
Subjects:

MARC

Tag First Indicator Second Indicator Subfields
LEADER 00000cam a2200000 a 4500
001 in00000080143
005 20151008055330.0
008 791005s1979 dcua b 00010 eng d
020 |a 0893290254 :  |c $4.00 
035 |a (OCoLC)05469948 
035 |9 AAJ3182AM 
040 |a IBF  |c IBF  |d TXA  |d UtOrBLW 
043 |a n-us--- 
049 |a TXAM  |c [387647] 
090 |a Q105.U6  |b L43 
100 1 |a Learner, Howard. 
245 1 0 |a White paper on science museums /  |c by Howard Learner. 
264 1 |a Washington, D.C. :  |b Center for Science in the Public Interest,  |c 1979. 
300 |a vi, 56 pages :  |b illustrations ;  |c 22 cm. 
336 |a text  |b txt  |2 rdacontent 
337 |a unmediated  |b n  |2 rdamedia 
338 |a volume  |b nc  |2 rdacarrier 
504 |a Includes bibliographical references. 
650 0 |a Science museums  |z United States. 
710 2 |a Center for Science in the Public Interest. 
999 |a MARS 
999 f f |s 1bffc82f-869b-3997-8f15-6167413aa206  |i 10dc53d3-6246-3af0-b88e-c87881735100  |t 0 
952 f f |p ric  |a Texas A&M University  |b Rellis Campus  |c Joint Library Facility  |d Remote Storage  |t 0  |e Q105.U6 L43  |h Library of Congress classification  |i unmediated -- volume  |m A14806198052 
998 f f |a Q105.U6 L43  |t 0  |l Remote Storage